000 00614nam a2200241Ia 4500
003 OSt
005 20220918185121.0
006 a|||||r|||| 00| 0
007 ta
008 220917b |||||||| |||| 00| 0 eng d
024 _a49,635
037 _cTextual
040 _aARTS
_cARTS
_beng
041 _2eng
_aeng
082 _aP,6, L7
100 _aRanson E N
_967846
245 0 _aOn the representation of Modality
260 _aBloomington
_bI U Linguistics club
_c1977
300 _a26p.
_ccm.
650 _aLINGUISTICS
942 _hP,6, L7
_cTEXL
_2CC
999 _c179257
_d179257